| 000 | 00710nam a22002057a 4500 | ||
|---|---|---|---|
| 999 |
_c6880 _d6880 |
||
| 003 | AR-CdUCM | ||
| 008 | 190319b ||||| |||| 00| 0 spa d | ||
| 040 |
_aMUNICIPALIDAD PROVINCIAL DEL CUSCO _cBIBLIOTECA MUNICIPAL DEL CUSCO |
||
| 082 |
_a160 / _bS79 |
||
| 100 |
_aStebbing, Susan _919390 |
||
| 245 | _aIntroducción a la lógica moderna / | ||
| 260 |
_aMéxico : _bFondo de cultura económica, _c1965. |
||
| 300 |
_a357 páginas ; _c18 cm. |
||
| 505 | _aContenido : El estudio de la lógica -- Las proposiciones y sus relaciones -- Proposiciones y razonamiento compuestos ... | ||
| 650 |
_aLógica _92358 |
||
| 650 |
_aEstudio _94228 |
||
| 650 |
_aModerna _919323 |
||
| 942 |
_2ddc _cLIBROS |
||
| 945 | _arah | ||